Reverse Dictionary #78 - Statistics

General Stats
  • This quiz has been taken 28 times
  • The average score is 14 of 25
Answer Stats
Definition First
Letter
Word % Correct
An animal of the family Felidae, particularly a domesticated species (Felis catus) of feline animal, commonly kept as a house pet. C Cat
95%
Clean, tidy; free from dirt or impurities. N Neat
91%
A large, generally omnivorous mammal, having shaggy hair, a very small tail, and flat feet; a member of the family Ursidae. B Bear
86%
A number of birds together in a group, such as those gathered together for the purpose of migration. F Flock
86%
A sibilant sound, such as that made by a snake or escaping steam; an unvoiced fricative. H Hiss
86%
(Canada, South Africa, US, West Midlands, colloquial, informal) Mother. M Mom
77%
Emitting much light; visually dazzling; luminous, lucent, radiant. B Bright
73%
Any succulent plant with a thick fleshy stem bearing spines but no leaves. C Cactus
73%
Full of a substance composed of a large collection of bubbles or their solidified remains; frothy. F Foamy
64%
Impossible to defeat, destroy, or kill; too powerful to be defeated or overcome. I Invincible
64%
A decorative length of cloth worn over the shoulder to the opposite hip, often for ceremonial or other formal occasions. S Sash
64%
To have enough money to pay for. A Afford
55%
Treating all parties, rivals, or disputants equally; not biased. I Impartial
55%
An implement, an instrument or apparatus designed (or at least used) as a means to a specific end, especially a non-manual apparatus or device, powered electrically or by a small motor, used in offices and/or in homes to perform domestic functions. A Appliance
50%
To finish; to make done; to reach the end. C Complete
50%
To use the mouth and lips to pull in a liquid. S Suck
50%
Graphism of symbols such as letters that express some meaning. W Writing
50%
To make holy; to consecrate; to set aside for sacred or ceremonial use. S Sanctify
45%
A graphical representation of an object's form or its external boundary, outline, or external surface. S Shape
36%
Characterized by round or irregular patches on the surface (used especially of animals and plants). S Spotted
36%
Firm, unyielding, determined. R Resolute
32%
To satisfy the appetite or desire of; to fill up; to satiate. S Sate
32%
Sounding harsh and throaty; gruff sounding. G Guttural
23%
Anxious, worried, careworn. T Troubled
23%
Without distinguishing qualities or characteristics. N Nondescript
14%
No matching quizzes found
Score Distribution
Percent of People with Each Score
Percentile by Number Answered
Your Score History
You have not taken this quiz